| 000 | 01046cam a22002651 4500 | ||
|---|---|---|---|
| 001 | e 56000132 | ||
| 003 | DLC | ||
| 005 | 20260227111235.0 | ||
| 008 | 750513s1956 xx 000 0 eng | ||
| 010 | _ae 56000132 | ||
| 035 | _a(OCoLC)1328880 | ||
| 040 |
_aDLC _cNAlU _dOCoLC _dDLC |
||
| 042 | _apremarc | ||
| 050 | 0 | 0 |
_aL111 _b.A614 no. 27 |
| 051 |
_aLB2864 _b.F35 |
||
| 082 | _a379.1752 | ||
| 100 | 1 |
_aFeatherston, E. Glenn, _d1900- |
|
| 245 | 1 | 0 |
_aPupil transportation; _bresponsibilities and services of State departments of education, _cby E. Glenn Featherston and Robert F. Will. |
| 260 |
_a[Washington] _bU.S. Dept. of Health, Education, and Welfare, Office of Education _c[1956] |
||
| 300 |
_avi, 39 p. _c29 cm. |
||
| 410 | 1 | 0 |
_aUnited States. _bOffice of Education. _tMiscellaneous, _vno. 27 |
| 500 | _aL111.A614 bound with: Misc. / United States. Office of Education, no. 28-no. 32 subsequent to publication. | ||
| 650 | 0 |
_aSchool children _xTransportation. |
|
| 700 | 1 |
_aWill, Robert F. _q(Robert Frederick), _d1917- _ejoint author. |
|
| 999 |
_c22255 _d22255 |
||